Guess the Taylor Swift Song with No Hints - 3 - Statistics

General Stats
  • This quiz has been taken 76 times
  • The average score is 256 of 318
Answer Stats
Answer % Correct
a
100%
I
100%
And
98%
and
98%
the
98%
The
98%
it
96%
it,
96%
me
96%
when
94%
You
94%
you
94%
In
93%
in
93%
your
93%
But
91%
but
91%
my
91%
My
91%
to
91%
it's
89%
It's
89%
so
89%
So
89%
we
89%
you're
89%
how
87%
know
87%
not
87%
of
87%
don't
85%
on
85%
get
83%
I'm
83%
there
83%
why
83%
with
83%
take
81%
than
81%
this
81%
We're
81%
hand
80%
I'd
80%
if
80%
just
80%
There's
80%
Fearless
78%
fearless
78%
first
78%
now
78%
better
76%
'Cause
76%
dance
76%
dress
76%
gets
76%
head
76%
out
76%
up
76%
want
76%
'bout
74%
right
74%
best
72%
somethin'
72%
way
72%
Oh,
70%
oh
70%
oh,
70%
Yeah
70%
yeah
70%
drag
69%
hair
69%
middle
69%
off
69%
street
69%
wanna
69%
ask
67%
hands
67%
looks
67%
one
67%
rained
67%
storm
67%
cool
65%
here
65%
through
65%
down
63%
eyes
63%
hard
63%
lot
63%
makin'
63%
parking
63%
really
63%
Run
63%
run
63%
baby
61%
caught
61%
kiss,
61%
stay
61%
tryin'
61%
wonder
61%
capture
59%
remember
59%
road
59%
something,
59%
drive
57%
put
57%
car
56%
town
56%
walk
56%
moment
54%
pavement
54%
pull
54%
Absent
52%
drivin'
52%
flawless,
52%
horse
52%
little
52%
mindedly
52%
more
52%
slow
52%
'Til
52%
shake
50%
passenger
48%
seat
48%
usually
48%
glow
46%
Well
46%
stood
39%
brave
35%
doorway
35%
No matching quizzes found
Score Distribution
Percent of People with Each Score
Percentile by Number Answered
Your Score History
You have not taken this quiz